| 000 | 00399nam a2200157Ia 4500 | ||
|---|---|---|---|
| 005 | 20250626033726.0 | ||
| 008 | 240331s9999 xx 000 0 und d | ||
| 020 | _a9789555026109 | ||
| 082 |
_bEDI _a362 |
||
| 100 | _aEdirisinghe,E.A.A | ||
| 245 | 0 | _aGruhasta prachandathwaya | |
| 260 |
_aNivitigala _bE.A. Anusha Edirisinghe _c2007 |
||
| 300 | _a96 p ., | ||
| 650 | _aDomestic Violence | ||
| 942 | _cL | ||
| 999 |
_c5257 _d5257 |
||